[Event "Deutsche Ländermeisterschaft 2023"]
[Site "Hannover GER"]
[Date "2023.10.04"]
[Round "6"]
[White "Wolf, Helena"]
[Black "Baklan, Kira"]
[Result "1/2-1/2"]
[Termination "normal"]
[Board "3.8"]
[WhiteElo "1155"]
[BlackElo "1096"]
[WhiteClock "00:04:19"]
[BlackClock "00:55:03"]
[WhiteTeam "Hessen"]
[BlackTeam "Niedersachsen"]
[PlyCount "110"]
[WhiteFideId "34671030"]
[BlackFideId "34186514"]
[EventCountry "GER"]
[EventRounds "7"]
[EventType "team-swiss"]
[EventDate "2023.09.30"]

1. e4 {[%clk 01:30:59]} {[%emt 12:16:23]} d6 {[%clk 01:30:52]} {[%emt
00:00:09]} 2. d4 {[%clk 01:31:19]} {[%emt 00:00:09]} Nf6 {[%clk 01:31:12]}
{[%emt 00:00:10]} 3. Nc3 {[%clk 01:31:37]} {[%emt 00:00:12]} c6 {[%clk
01:30:58]} {[%emt 00:00:45]} 4. Nf3 {[%clk 01:30:11]} {[%emt 00:01:55]} Bg4
{[%clk 01:31:09]} {[%emt 00:00:19]} 5. Be3 {[%clk 01:29:46]} {[%emt 00:00:55]}
e6 {[%clk 01:30:49]} {[%emt 00:00:50]} 6. Be2 {[%clk 01:24:32]} {[%emt
00:05:43]} Nbd7 {[%clk 01:30:20]} {[%emt 00:00:59]} 7. Qd3 {[%clk 01:21:15]}
{[%emt 00:03:47]} Be7 {[%clk 01:27:17]} {[%emt 00:03:34]} 8. h3 {[%clk
01:20:52]} {[%emt 00:00:52]} Bh5 {[%clk 01:27:23]} {[%emt 00:00:24]} 9. O-O
{[%clk 01:19:53]} {[%emt 00:01:30]} O-O {[%clk 01:27:17]} {[%emt 00:00:37]} 10.
Rfe1 {[%clk 01:19:48]} {[%emt 00:00:34]} Bg6 {[%clk 01:27:11]} {[%emt
00:00:37]} 11. Nd2 {[%clk 01:12:42]} {[%emt 00:07:35]} d5 {[%clk 01:24:07]}
{[%emt 00:03:34]} 12. Bf3 {[%clk 01:05:14]} {[%emt 00:07:56]} Bb4 {[%clk
01:20:48]} {[%emt 00:03:51]} 13. a3 {[%clk 00:59:59]} {[%emt 00:05:46]} Bxc3
{[%clk 01:20:41]} {[%emt 00:00:35]} 14. bxc3 {[%emt 00:00:23]} Rc8 {[%clk
01:10:24]} {[%emt 00:10:46]} 15. Bf4 {[%clk 00:51:22]} {[%emt 00:09:15]} c5
{[%clk 01:09:41]} {[%emt 00:01:15]} 16. Rec1 {[%clk 00:45:21]} {[%emt
00:06:30]} c4 {[%clk 01:09:09]} {[%emt 00:01:02]} 17. Qe3 {[%clk 00:45:05]}
{[%emt 00:00:45]} Re8 {[%clk 01:08:28]} {[%emt 00:01:12]} 18. e5 {[%clk
00:40:50]} {[%emt 00:04:45]} Nh5 {[%clk 01:07:59]} {[%emt 00:00:59]} 19. Bg5
{[%clk 00:39:35]} {[%emt 00:01:44]} f6 {[%clk 01:07:50]} {[%emt 00:00:40]} 20.
exf6 {[%clk 00:39:06]} {[%emt 00:00:59]} Nhxf6 {[%clk 01:08:04]} {[%emt
00:00:15]} 21. h4 {[%clk 00:37:56]} {[%emt 00:01:42]} h6 {[%clk 01:07:21]}
{[%emt 00:01:13]} 22. h5 {[%clk 00:35:27]} {[%emt 00:02:59]} Bf7 {[%clk
01:05:57]} {[%emt 00:01:54]} 23. Bh4 {[%clk 00:32:02]} {[%emt 00:03:54]} Qc7
{[%clk 01:05:19]} {[%emt 00:01:08]} 24. Bg3 {[%clk 00:30:16]} {[%emt 00:02:12]}
Qc6 {[%clk 01:03:09]} {[%emt 00:02:44]} 25. Rcb1 {[%clk 00:25:45]} {[%emt
00:05:00]} a6 {[%clk 01:03:11]} {[%emt 00:00:29]} 26. a4 {[%clk 00:25:22]}
{[%emt 00:00:52]} Bxh5 {[%clk 01:03:22]} {[%emt 00:00:19]} 27. Rb4 {[%clk
00:22:05]} {[%emt 00:03:47]} Bf7 {[%clk 01:03:03]} {[%emt 00:00:50]} 28. Rab1
{[%clk 00:21:10]} {[%emt 00:01:25]} b6 {[%clk 01:03:06]} {[%emt 00:00:28]} 29.
Rxc4 {[%clk 00:18:20]} {[%emt 00:03:20]} Qb7 {[%clk 01:02:34]} {[%emt
00:01:00]} 30. a5 {[%clk 00:17:48]} {[%emt 00:01:04]} b5 {[%clk 01:02:27]}
{[%emt 00:00:38]} 31. Rcb4 {[%clk 00:17:44]} {[%emt 00:00:34]} Rc6 {[%clk
01:02:01]} {[%emt 00:00:56]} 32. c4 {[%clk 00:16:42]} {[%emt 00:01:32]} Qa7
{[%clk 01:00:23]} {[%emt 00:02:06]} 33. Qe2 {[%clk 00:11:57]} {[%emt 00:05:16]}
bxc4 {[%clk 00:56:14]} {[%emt 00:04:39]} 34. c3 {[%clk 00:10:48]} {[%emt
00:01:39]} Bg6 {[%clk 00:55:36]} {[%emt 00:01:09]} 35. R1b2 {[%clk 00:10:51]}
{[%emt 00:00:27]} Bd3 {[%clk 00:55:28]} {[%emt 00:00:37]} 36. Qe3 {[%clk
00:10:43]} {[%emt 00:00:38]} Qa8 {[%clk 00:55:21]} {[%emt 00:00:38]} 37. Be2
{[%clk 00:10:00]} {[%emt 00:01:12]} Bxe2 {[%clk 00:55:25]} {[%emt 00:00:26]}
38. Qxe2 {[%clk 00:10:19]} {[%emt 00:00:11]} Qd8 {[%clk 00:55:21]} {[%emt
00:00:35]} 39. Nf3 {[%clk 00:08:29]} {[%emt 00:02:17]} Ne4 {[%clk 00:54:13]}
{[%emt 00:01:40]} 40. Qe3 {[%clk 00:06:32]} {[%emt 00:02:26]} Nxg3 {[%clk
00:54:25]} {[%emt 00:00:19]} 41. fxg3 {[%clk 00:06:51]} {[%emt 00:00:11]} Rc8
{[%clk 00:53:07]} {[%emt 00:01:49]} 42. Ne5 {[%clk 00:05:25]} {[%emt 00:01:56]}
Nxe5 {[%clk 00:53:07]} {[%emt 00:00:29]} 43. Qxe5 {[%clk 00:05:25]} {[%emt
00:00:30]} Qf6 {[%clk 00:53:21]} {[%emt 00:00:16]} 44. Qxf6 {[%emt 00:01:11]}
gxf6 {[%clk 00:53:39]} {[%emt 00:00:09]} 45. Rb6 {[%clk 00:04:28]} {[%emt
00:00:50]} Ra8 {[%clk 00:53:33]} {[%emt 00:00:36]} 46. Rf2 {[%clk 00:04:28]}
{[%emt 00:00:29]} f5 {[%clk 00:53:47]} {[%emt 00:00:17]} 47. Re2 {[%clk
00:04:47]} {[%emt 00:00:11]} Kf7 {[%clk 00:54:05]} {[%emt 00:00:11]} 48. Kf2
{[%clk 00:04:39]} {[%emt 00:00:38]} Kf6 {[%clk 00:54:19]} {[%emt 00:00:17]} 49.
Kf3 {[%clk 00:04:47]} {[%emt 00:00:22]} Kg5 {[%clk 00:54:41]} {[%emt 00:00:08]}
50. Rexe6 {[%clk 00:04:47]} {[%emt 00:00:30]} Rxe6 {[%clk 00:54:56]} {[%emt
00:00:14]} 51. Rxe6 {[%clk 00:05:10]} {[%emt 00:00:07]} Rb8 {[%clk 00:54:21]}
{[%emt 00:01:06]} 52. Rb6 {[%clk 00:05:25]} {[%emt 00:00:15]} Ra8 {[%clk
00:54:06]} {[%emt 00:00:44]} 53. Rd6 {[%clk 00:05:16]} {[%emt 00:00:39]} Rb8
{[%clk 00:54:22]} {[%emt 00:00:14]} 54. Rb6 {[%clk 00:04:14]} {[%emt 00:01:32]}
Ra8 {[%clk 00:54:39]} {[%emt 00:00:14]} 55. Rd6 {[%clk 00:04:19]} {[%emt
00:00:24]} Rb8 {[%clk 00:55:03]} {[%emt 00:00:07]} 1/2-1/2

[Event "Deutsche Ländermeisterschaft 2023"]
[Site "Hannover GER"]
[Date "2023.10.04"]
[Round "6"]
[White "Hinrichs, Paul"]
[Black "Dauner, Benedikt"]
[Result "0-1"]
[Termination "normal"]
[Board "4.1"]
[BlackTitle "FM"]
[WhiteElo "2231"]
[BlackElo "2385"]
[WhiteClock "00:06:11"]
[BlackClock "00:03:24"]
[WhiteTeam "Rheinland-Pfalz"]
[BlackTeam "Baden"]
[PlyCount "188"]
[WhiteFideId "12942545"]
[BlackFideId "16225899"]
[EventCountry "GER"]
[EventRounds "7"]
[EventType "team-swiss"]
[EventDate "2023.09.30"]

1. d4 {[%clk 01:30:57]} {[%emt 00:00:02]} d5 {[%clk 01:30:44]} {[%emt
00:00:16]} 2. Nf3 {[%clk 01:31:20]} {[%emt 00:00:08]} Nf6 {[%clk 01:31:06]}
{[%emt 00:00:07]} 3. g3 {[%clk 01:31:45]} {[%emt 00:00:05]} e6 {[%clk
01:31:28]} {[%emt 00:00:08]} 4. Bg2 {[%clk 01:32:09]} {[%emt 00:00:06]} Be7
{[%clk 01:31:51]} {[%emt 00:00:06]} 5. c4 {[%clk 01:32:32]} {[%emt 00:00:07]}
O-O {[%clk 01:32:13]} {[%emt 00:00:07]} 6. O-O {[%clk 01:32:58]} {[%emt
00:00:04]} Nbd7 {[%clk 01:31:53]} {[%emt 00:00:50]} 7. Nc3 {[%clk 01:31:26]}
{[%emt 00:02:03]} dxc4 {[%clk 01:32:07]} {[%emt 00:00:16]} 8. e4 {[%clk
01:30:06]} {[%emt 00:01:50]} c6 {[%clk 01:32:24]} {[%emt 00:00:12]} 9. a4
{[%clk 01:29:49]} {[%emt 00:00:48]} a5 {[%clk 01:32:46]} {[%emt 00:00:07]} 10.
Qe2 {[%clk 01:29:34]} {[%emt 00:00:46]} b6 {[%clk 01:33:09]} {[%emt 00:00:07]}
11. Rd1 {[%clk 01:14:07]} {[%emt 00:15:57]} Ba6 {[%clk 01:33:16]} {[%emt
00:00:23]} 12. Bf4 {[%clk 01:08:44]} {[%emt 00:05:53]} Bb4 {[%clk 00:58:15]}
{[%emt 00:35:30]} 13. Nd2 {[%clk 00:55:19]} {[%emt 00:13:56]} b5 {[%clk
00:42:38]} {[%emt 00:16:07]} 14. g4 {[%clk 00:53:42]} {[%emt 00:02:08]} Nb6
{[%clk 00:37:34]} {[%emt 00:05:33]} 15. Rac1 {[%clk 00:49:31]} {[%emt
00:04:41]} Be7 {[%clk 00:26:42]} {[%emt 00:11:22]} 16. g5 {[%clk 00:46:33]}
{[%emt 00:03:29]} Nfd7 {[%clk 00:26:59]} {[%emt 00:00:11]} 17. Qh5 {[%clk
00:46:08]} {[%emt 00:00:56]} b4 {[%clk 00:26:26]} {[%emt 00:01:02]} 18. e5
{[%clk 00:44:22]} {[%emt 00:02:17]} bxc3 {[%clk 00:25:53]} {[%emt 00:01:03]}
19. Rxc3 {[%clk 00:43:14]} {[%emt 00:01:38]} Re8 {[%clk 00:23:18]} {[%emt
00:03:05]} 20. Rh3 {[%clk 00:33:49]} {[%emt 00:09:56]} Nf8 {[%clk 00:23:41]}
{[%emt 00:00:07]} 21. Ne4 {[%clk 00:21:15]} {[%emt 00:13:04]} Nd5 {[%clk
00:24:04]} {[%emt 00:00:06]} 22. Bc1 {[%clk 00:21:39]} {[%emt 00:00:06]} Rb8
{[%clk 00:16:24]} {[%emt 00:08:09]} 23. Ng3 {[%clk 00:18:33]} {[%emt 00:03:37]}
c3 {[%clk 00:13:55]} {[%emt 00:02:59]} 24. Be4 {[%clk 00:15:25]} {[%emt
00:03:38]} g6 {[%clk 00:14:15]} {[%emt 00:00:10]} 25. Qh6 {[%clk 00:15:45]}
{[%emt 00:00:10]} Be2 {[%clk 00:03:58]} {[%emt 00:10:47]} 26. Nxe2 {[%clk
00:15:50]} {[%emt 00:00:24]} cxb2 {[%clk 00:04:20]} {[%emt 00:00:09]} 27. Bd2
{[%clk 00:16:02]} {[%emt 00:00:17]} Bb4 {[%clk 00:02:54]} {[%emt 00:01:57]} 28.
Be3 {[%clk 00:10:52]} {[%emt 00:05:41]} Nxe3 {[%clk 00:02:04]} {[%emt
00:01:20]} 29. fxe3 {[%clk 00:11:15]} {[%emt 00:00:07]} Be7 {[%clk 00:02:15]}
{[%emt 00:00:19]} 30. Rg3 {[%clk 00:11:41]} {[%emt 00:00:04]} Rb3 {[%clk
00:01:57]} {[%emt 00:00:47]} 31. Rf1 {[%clk 00:10:59]} {[%emt 00:01:12]} Rxe3
{[%clk 00:00:37]} {[%emt 00:01:50]} 32. Rxe3 {[%clk 00:11:24]} {[%emt
00:00:06]} Bxg5 {[%clk 00:01:04]} {[%emt 00:00:04]} 33. Qh3 {[%clk 00:11:50]}
{[%emt 00:00:04]} Bxe3+ {[%clk 00:01:11]} {[%emt 00:00:22]} 34. Qxe3 {[%clk
00:12:18]} {[%emt 00:00:01]} Qc7 {[%clk 00:00:56]} {[%emt 00:00:45]} 35. Qc3
{[%clk 00:11:05]} {[%emt 00:01:43]} Rb8 {[%clk 00:01:20]} {[%emt 00:00:06]} 36.
Rb1 {[%clk 00:11:14]} {[%emt 00:00:21]} Nd7 {[%clk 00:00:41]} {[%emt 00:01:09]}
37. Rxb2 {[%clk 00:11:27]} {[%emt 00:00:17]} Rxb2 {[%clk 00:00:45]} {[%emt
00:00:26]} 38. Qxb2 {[%clk 00:11:56]} {[%emt 00:00:01]} c5 {[%clk 00:00:36]}
{[%emt 00:00:40]} 39. Qb7 {[%clk 00:11:39]} {[%emt 00:00:47]} Qd8 {[%clk
00:00:42]} {[%emt 00:00:24]} 40. Qa8 {[%clk 00:11:09]} {[%emt 00:01:00]} Nb8
{[%clk 00:00:33]} {[%emt 00:00:39]} 41. dxc5 {[%clk 00:10:01]} {[%emt
00:01:37]} Kg7 {[%clk 00:30:13]} {[%emt 00:00:50]} 42. c6 {[%clk 00:38:09]}
{[%emt 00:02:23]} Qg5+ {[%clk 00:25:57]} {[%emt 00:04:45]} 43. Kf2 {[%clk
00:37:25]} {[%emt 00:01:15]} Qxe5 {[%clk 00:25:40]} {[%emt 00:00:47]} 44. Ke3
{[%clk 00:32:40]} {[%emt 00:05:15]} Qc5+ {[%clk 00:24:59]} {[%emt 00:01:10]}
45. Kd3 {[%clk 00:32:45]} {[%emt 00:00:26]} Qd6+ {[%clk 00:23:41]} {[%emt
00:01:48]} 46. Kc2 {[%clk 00:30:18]} {[%emt 00:02:57]} Qc5+ {[%clk 00:18:32]}
{[%emt 00:05:38]} 47. Nc3 {[%clk 00:30:30]} {[%emt 00:00:18]} Qf2+ {[%clk
00:18:54]} {[%emt 00:00:08]} 48. Kd3 {[%clk 00:27:38]} {[%emt 00:03:23]} Qf1+
{[%clk 00:18:36]} {[%emt 00:00:47]} 49. Kd4 {[%clk 00:27:41]} {[%emt 00:00:26]}
Na6 {[%clk 00:18:13]} {[%emt 00:00:53]} 50. Qd8 {[%clk 00:23:09]} {[%emt
00:05:03]} Qf2+ {[%clk 00:09:34]} {[%emt 00:09:09]} 51. Kc4 {[%clk 00:23:14]}
{[%emt 00:00:25]} Qc5+ {[%clk 00:07:44]} {[%emt 00:02:20]} 52. Kb3 {[%clk
00:18:26]} {[%emt 00:05:19]} Qb4+ {[%clk 00:07:04]} {[%emt 00:01:09]} 53. Kc2
{[%clk 00:18:51]} {[%emt 00:00:05]} Qc5 {[%clk 00:07:26]} {[%emt 00:00:09]} 54.
Kd3 {[%clk 00:09:45]} {[%emt 00:09:36]} e5 {[%clk 00:05:18]} {[%emt 00:02:37]}
55. Nb5 {[%clk 00:06:25]} {[%emt 00:03:51]} Nb4+ {[%clk 00:04:35]} {[%emt
00:01:13]} 56. Ke2 {[%clk 00:03:26]} {[%emt 00:03:29]} Qc4+ {[%clk 00:05:00]}
{[%emt 00:00:05]} 57. Kf2 {[%clk 00:03:06]} {[%emt 00:00:49]} Qxe4 {[%clk
00:04:46]} {[%emt 00:00:45]} 58. c7 {[%clk 00:03:10]} {[%emt 00:00:26]} Nd3+
{[%clk 00:03:59]} {[%emt 00:01:17]} 59. Qxd3 {[%clk 00:03:30]} {[%emt
00:00:11]} Qxd3 {[%clk 00:04:28]} {[%emt 00:00:01]} 60. c8=Q {[%clk 00:03:41]}
{[%emt 00:00:18]} Qd2+ {[%clk 00:04:40]} {[%emt 00:00:18]} 61. Kg1 {[%clk
00:02:24]} {[%emt 00:01:47]} Qd1+ {[%clk 00:04:48]} {[%emt 00:00:22]} 62. Kg2
{[%emt 00:00:06]} Qxa4 {[%clk 00:05:05]} {[%emt 00:00:12]} 63. Nc7 {[%clk
00:02:10]} {[%emt 00:01:10]} Qe4+ {[%clk 00:05:10]} {[%emt 00:00:24]} 64. Kg1
{[%clk 00:02:07]} {[%emt 00:00:32]} Qe3+ {[%clk 00:04:47]} {[%emt 00:00:54]}
65. Kg2 {[%emt 00:01:24]} a4 {[%clk 00:04:37]} {[%emt 00:00:23]} 66. Qd8 {[%clk
00:00:54]} {[%emt 00:01:08]} Qe4+ {[%clk 00:04:39]} {[%emt 00:00:28]} 67. Kg3
{[%clk 00:01:22]} {[%emt 00:00:02]} Qf4+ {[%clk 00:02:07]} {[%emt 00:03:02]}
68. Kg2 {[%clk 00:01:43]} {[%emt 00:00:08]} a3 {[%clk 00:01:13]} {[%emt
00:01:24]} 69. Ne8+ {[%clk 00:02:08]} {[%emt 00:00:05]} Kh6 {[%clk 00:01:36]}
{[%emt 00:00:07]} 70. Nf6 {[%clk 00:02:25]} {[%emt 00:00:13]} a2 {[%clk
00:00:57]} {[%emt 00:01:09]} 71. Qf8+ {[%clk 00:02:15]} {[%emt 00:00:40]} Kg5
{[%clk 00:01:22]} {[%emt 00:00:05]} 72. Nxh7+ {[%clk 00:02:40]} {[%emt
00:00:06]} Kh5 {[%clk 00:01:37]} {[%emt 00:00:15]} 73. Qa3 {[%clk 00:00:49]}
{[%emt 00:02:20]} Qg4+ {[%clk 00:01:48]} {[%emt 00:00:19]} 74. Kh1 {[%clk
00:00:47]} {[%emt 00:00:33]} Qe4+ {[%clk 00:01:55]} {[%emt 00:00:23]} 75. Kg1
{[%clk 00:01:15]} {[%emt 00:00:02]} Qd4+ {[%clk 00:01:47]} {[%emt 00:00:37]}
76. Kg2 {[%emt 00:00:15]} Qg4+ {[%clk 00:01:20]} {[%emt 00:00:56]} 77. Kh1
{[%clk 00:02:00]} {[%emt 00:00:02]} Qd1+ {[%clk 00:00:59]} {[%emt 00:00:51]}
78. Kg2 {[%clk 00:02:28]} {[%emt 00:00:02]} Qe2+ {[%clk 00:01:14]} {[%emt
00:00:14]} 79. Kg3 {[%clk 00:02:31]} {[%emt 00:00:28]} Qg4+ {[%clk 00:01:31]}
{[%emt 00:00:12]} 80. Kf2 {[%clk 00:02:56]} {[%emt 00:00:05]} Qf5+ {[%clk
00:01:55]} {[%emt 00:00:06]} 81. Kg2 {[%clk 00:02:46]} {[%emt 00:00:40]} Kh6
{[%clk 00:02:13]} {[%emt 00:00:13]} 82. Nf6 {[%clk 00:02:11]} {[%emt 00:01:05]}
Qxf6 {[%clk 00:02:07]} {[%emt 00:00:36]} 83. Qxa2 {[%clk 00:02:38]} {[%emt
00:00:03]} Qf4 {[%clk 00:02:23]} {[%emt 00:00:13]} 84. Qa8 {[%clk 00:02:44]}
{[%emt 00:00:25]} Kh7 {[%clk 00:02:16]} {[%emt 00:00:36]} 85. Qc8 {[%clk
00:02:57]} {[%emt 00:00:18]} e4 {[%clk 00:02:19]} {[%emt 00:00:27]} 86. Qh3+
{[%clk 00:03:18]} {[%emt 00:00:08]} Kg7 {[%emt 00:00:09]} 87. Qc3+ {[%clk
00:03:45]} Qf6 {[%clk 00:03:04]} {[%emt 00:00:09]} 88. Qc5 {[%clk 00:04:13]}
{[%emt 00:00:02]} Qf3+ {[%clk 00:03:18]} {[%emt 00:00:15]} 89. Kg1 {[%clk
00:04:41]} {[%emt 00:00:02]} Qg4+ {[%clk 00:02:59]} {[%emt 00:00:49]} 90. Kh1
{[%clk 00:05:01]} {[%emt 00:00:10]} Qf4 {[%clk 00:03:01]} {[%emt 00:00:28]} 91.
Qd4+ {[%clk 00:05:10]} {[%emt 00:00:22]} Qf6 {[%clk 00:03:19]} {[%emt
00:00:12]} 92. Qd1 {[%clk 00:05:16]} {[%emt 00:00:24]} Qf3+ {[%clk 00:02:37]}
{[%emt 00:01:12]} 93. Qxf3 {[%clk 00:05:43]} {[%emt 00:00:03]} exf3 {[%clk
00:03:02]} {[%emt 00:00:05]} 94. Kg1 {[%clk 00:06:11]} {[%emt 00:00:01]} g5
{[%clk 00:03:24]} {[%emt 00:00:08]} 0-1